Juventud popular urbana y nuevo clima cultural: una aproximación

Guardado en:
書目詳細資料
主要作者: Auyero, Javier
格式: Texto
出版: Buenos Aires: Fundación del Sur
主題:
標簽: 添加標簽
沒有標簽, 成為第一個標記此記錄!

MARC

LEADER 00000 a a2200000 04500
001 19338
003
040
090 |a 145700  
100 |a Auyero, Javier  
245 |a Juventud popular urbana y nuevo clima cultural: una aproximación  
260 |a Buenos Aires:   |b Fundación del Sur  
300 |a 51 p.  
650 |a JUVENTUD  
650 |a IDENTIDAD CULTURAL  
650 |a CULTURA  
650 |a JUVENTUD URBANA  
999 |c 10259  |d 10259